Ο Προεστώς του χωριού : Κωμωδία εις πράξεις τρείς

Αποθηκεύτηκε σε:
Λεπτομέρειες βιβλιογραφικής εγγραφής
Κύριος συγγραφέας: Περεσιάδης, Σπυρίδων, 1854-1918
Άλλοι συγγραφείς: Λάϊος, Ιωάννης
Μορφή: Βιβλίο
Γλώσσα:Greek
Δημοσίευση: Αθήναι : Βιβλιοπωλείον Μιχ. Ι. Σαλίβερου Α.Ε., [19--?].
Θέματα:
Ετικέτες: Προσθήκη ετικέτας
Δεν υπάρχουν, Καταχωρήστε ετικέτα πρώτοι!

MARC

LEADER 00000cam a2200000 a 4500
001 1/115084
008 170929q19uu####gr | ||| |||| ||gre||
040 |a GR-MyUa  |b gre  |c GR-MyUa  |e AACR2 
041 0 |a gre 
082 7 |a 889.2  |2 (23) 
100 1 |a Περεσιάδης, Σπυρίδων,   |d 1854-1918. 
245 1 2 |a Ο Προεστώς του χωριού :   |b Κωμωδία εις πράξεις τρείς /   |c Σπυρίδωνος Περεσιάδου ; επιμέλεια Ιωάννου Λάϊου.  
260 |a Αθήναι :   |b Βιβλιοπωλείον Μιχ. Ι. Σαλίβερου Α.Ε.,   |c [19--?]. 
300 |a 44 σ. ;   |c 21 εκ.  
650 0 |a Greek drama, Modern  |y 20th century. 
700 1 |a Λάϊος, Ιωάννης. 
852 |a INST  |b SAMOS  |c CLO  |e 20170929  |h 889.2 ΠΕΡ  |p 005300044793  |q 005300044793  |t BK  |y 23 
970 |a Φιλιππή  |b Φάλη  |z 29-09-2017